Аудит: учебник и практикум для академического бакалавриата

書誌詳細
団体著者: Российский экономический университет им. Г. В. Плеханова (РЭУ)
その他の著者: Казакова Н. А. Наталия Александровна (редактор)
要約:Материал учебника сгруппирован в три раздела, в которых рассматриваются общие вопросы аудита, проблемы и направления практического аудита, а также специальные темы, представляющие актуальность в современных условиях: такие как аудит внешнеэкономической деятельности, экономический анализ в аудите, аудит общественно значимых хозяйствующих субъектов. Каждая глава содержит контрольные вопросы, задания и тесты для проверки знаний, отдельные темы включают деловые игры и практические задачи, предназначенные для самостоятельного решения.Учебник разработан в соответствии с программой курса дисциплины «Аудит». Таким образом, представленный материал направлен не только на теоретическую подготовку, но и на формирование у будущих экономистов и менеджеров практических навыков проведения аудита, включая специ­альные вопросы аудиторской проверки.Соответствует актуальным требованиям Федерального государствен­ного образовательного стандарта высшего образования.
言語:ロシア語
出版事項: Москва, Юрайт, 2015
シリーズ:Бакалавр. Академический курс
主題:
フォーマット: MixedMaterials 図書
KOHA link:https://koha.lib.tpu.ru/cgi-bin/koha/opac-detail.pl?biblionumber=317116

MARC

LEADER 00000nam0a2200000 4500
001 317116
005 20231102002936.0
010 |a 9785991658348 
035 |a (RuTPU)RU\TPU\book\342584 
035 |a RU\TPU\book\286394 
090 |a 317116 
100 |a 20160405d2015 m y0rusy50 ca 
101 0 |a rus 
102 |a RU 
105 |a y j 001zy 
200 1 |a Аудит  |e учебник и практикум для академического бакалавриата  |f Российский экономический университет им. Г. В. Плеханова (РЭУ) ; под ред. Н. А. Казаковой 
210 |a Москва  |c Юрайт  |d 2015 
215 |a 386 с. 
225 1 |a Бакалавр. Академический курс 
320 |a Библиогр.: с. 384. 
330 |a Материал учебника сгруппирован в три раздела, в которых рассматриваются общие вопросы аудита, проблемы и направления практического аудита, а также специальные темы, представляющие актуальность в современных условиях: такие как аудит внешнеэкономической деятельности, экономический анализ в аудите, аудит общественно значимых хозяйствующих субъектов. Каждая глава содержит контрольные вопросы, задания и тесты для проверки знаний, отдельные темы включают деловые игры и практические задачи, предназначенные для самостоятельного решения.Учебник разработан в соответствии с программой курса дисциплины «Аудит». Таким образом, представленный материал направлен не только на теоретическую подготовку, но и на формирование у будущих экономистов и менеджеров практических навыков проведения аудита, включая специ­альные вопросы аудиторской проверки.Соответствует актуальным требованиям Федерального государствен­ного образовательного стандарта высшего образования. 
606 1 |a Аудит  |2 stltpush  |3 (RuTPU)RU\TPU\subj\29811  |9 53071 
610 1 |a аудиторская деятельность 
610 1 |a аудиторская информация 
610 1 |a нормативно-правовое регулирование 
610 1 |a стандарты 
610 1 |a аудиторские услуги 
610 1 |a документирование 
610 1 |a учредительные документы 
610 1 |a уставной капитал 
610 1 |a денежные средства 
610 1 |a финансовые вложения 
610 1 |a основные средства 
610 1 |a нематериальные активы 
610 1 |a материально-производственные запасы 
610 1 |a трудовое законодательство 
610 1 |a оплата труда 
610 1 |a расчетные операции 
610 1 |a кредитные операции 
610 1 |a расходы 
610 1 |a готовая продукция 
610 1 |a финансовые результаты 
610 1 |a бухгалтерская отчетность 
610 1 |a аудиторское заключение 
610 1 |a внешнеэкономическая деятельность 
610 1 |a банковский аудит 
610 1 |a хозяйствующие субъекты 
610 1 |a экономический анализ 
610 1 |a учебники 
610 1 |a практикумы 
610 1 |a тесты 
675 |a 657.6(075.8)  |v 3 
702 1 |a Казакова  |b Н. А.  |g Наталия Александровна  |4 340 
712 0 2 |a Российский экономический университет им. Г. В. Плеханова (РЭУ)  |c (2010- )  |2 stltpush  |3 (RuTPU)RU\TPU\col\17770 
801 1 |a RU  |b 63413507  |c 20140609 
801 2 |a RU  |b 63413507  |c 20160414  |g RCR 
900 |a Аудит 
942 |c BK 
951 |l 8.1 
959 |a 102/20140609  |d 2  |e 369,00  |f ЧЗГЛ:1  |f АНЛ:1 
959 |a 20/20160212  |d 5  |e 659,00  |f УФ:5